| 000 | 01297nam a2200301 4500 | ||
|---|---|---|---|
| 001 | 0000019002 | ||
| 003 | CO-CtgCURN | ||
| 005 | 20250329174159.0 | ||
| 007 | ta | ||
| 008 | 160627s2001 000 0 eng d | ||
| 020 | _a9701030524 | ||
| 040 |
_aCO-CtgCURN _bspa _ccoctgcurn |
||
| 082 | 0 |
_a005.113 _bM15i |
|
| 100 | 1 | _aMata-Toledo, Ramon A. | |
| 245 | 1 | 0 |
_aIntroducción a la programacion : _bcon ejemplos en Visual Basic, C, C++ y Java / _cRamon A. Mata-Toledo, Pauline K. Cushman , traducción Rodolfo Navarro Salas , revision tecnica Rogelio Marquez Nuño. |
| 260 |
_aMexico : _bMcGraw Hill Interamericana, _c2001. |
||
| 300 | _axi, 331 p. | ||
| 336 | _2rdacontent | ||
| 337 |
_2rdamedia _asin mediacion _bn |
||
| 338 |
_2rdacarrier _avolumen _bnc |
||
| 500 | _aIncluye indice.\Titulo original. Introduction to computer science. | ||
| 505 | 8 | _aConceptos basicos de computacion.--Planificacion y diseño de programas.--Codificacion de programas y entrada/salida simple.--Estructuras de control y escritura de programas.-- Archivos de datos.Estructuras de datos | |
| 650 | 1 | 4 | _aAdministración de bases de datos. |
| 700 | 1 | _aCushman, Pauline K. | |
| 908 | _a160627 | ||
| 942 |
_cBK _h005.113 _iM15i _2ddc |
||
| 999 |
_c8809 _d8809 |
||